000 00261nam a22001097a 4500
003 OSt
008 241219b |||||||| |||| 00| 0 eng d
041 _aeng
100 _aRao, KL
_96517
245 _aCalculation Design & Testing of Reinforced Concrete
942 _cBK
999 _c18694
_d18694